LEADER 01575nam a2200277 4500 001 000000360668 003 CaOOAMICUS 005 20241113095758.0 008 241112s1796 it a 000 u ita r 040 $aSeMil$bita 110 2 $aChiesa Cattolica : Congregazione dell'Inquisizione.$0(OLS)http://semarc/name/81274 245 10$aEditto generale per l'Uffizio della Santa Inquisizione fr. Pier Domenico Bernardi dell'ordine de' predicatori ... dalla Santa sede Apostolica specialmente delegato. 264 1$aIn Perugia :$bNella Stamperia Camerale del Costantini,$c1796. 300 $a1 foglio ;$bill. ;$catl. 500 $aVignette e iniz. xilogr. 500 $aTesto disposto su due colonne 500 $aData di emanazione in calce: Dato nell'Offizio della S. Inquisizione di Perugia questo dì 8. del 1796 500 $aFirmatario in calce: fr. Pio Bartoccini cancelliere 700 1 $aBartoccini, Pio.$0(OLS)http://semarc/name/120888 700 0 $aCostantini,$c.$0(OLS)http://semarc/name/120883 700 11$aBernardi, Pier Domenico,$c.$0(OLS)http://semarc/name/120882 850 $aSeMil 852 $aSeMil$W1$xVenegono$y1$m3Z VI 19/4 FA$j252273$B251671$CSeMilBibl$Z2$F251671 $8I 996 $6245$aEditto generale per l'Uffizio della Santa Inquisizione fr. Pier Domenico Bernardi dell'ordine de' predicatori ... dalla Santa sede Apostolica specialmente delegato$9(OLS)http://semarc/title/451194 996 $6264$aIn Perugia :$bNella Stamperia Camerale del Costantini$9(OLS)http://semarc/publisher/62085 LEADER 00902nam a2200193 4500 001 000000354057 003 CaOOAMICUS 005 20230607092123.0 008 230607s1912 it a 000 u ita r 040 $aSeMil$bita 245 00$a1: Dalla 1. Domenica d'Avvento alla 8. Domenica dopo Pentecoste . 264 1$aMilano :$bRomolo Ghirlanda,$cimpr. 1912. 300 $aVIII, 361 p., 1 carta di tav. :$bill. ;$c19 cm 773 0 $aBrenna, Egidio $tSermoni sui Vangeli domenicali secondo i riti romano e ambrosiano.$dMilano : Romolo Ghirlanda, impr. 1912.$g1$w()354056 850 $aSeMil 852 $aSeMil$W1$xVenegono$y1$m3F I 545/1$j241174$B245286$CSeMilBibl$Z2$F245286 $81 996 $6245$a1: Dalla 1. Domenica d'Avvento alla 8. Domenica dopo Pentecoste $9(OLS)http://semarc/title/444200 996 $6264$aMilano :$bRomolo Ghirlanda$9(OLS)http://semarc/publisher/33465